SAFA guidelines : (Record no. 14592)
[ view plain ]
| 000 -LEADER | |
|---|---|
| fixed length control field | 01018cam a2200253 i 4500 |
| 020 ## - INTERNATIONAL STANDARD BOOK NUMBER | |
| ISBN | 9789251084854 (print) |
| 020 ## - INTERNATIONAL STANDARD BOOK NUMBER | |
| ISBN | 9251084858 (print) |
| 040 ## - CATALOGING SOURCE | |
| Transcribing agency | YDXCP |
| 082 00 - DEWEY DECIMAL CLASSIFICATION NUMBER | |
| Classification number | 631 FAO 2014 A051 Or. |
| 245 00 - TITLE STATEMENT | |
| Title | SAFA guidelines : |
| Remainder of title | sustainability assessment of food and agriculture systems. |
| 246 3# - VARYING FORM OF TITLE | |
| Title proper/short title | Sustainability assessment of food and agriculture systems |
| 246 3# - VARYING FORM OF TITLE | |
| Title proper/short title | SAFA sustainability assessment of food and agriculture systems guidelines |
| 250 ## - EDITION STATEMENT | |
| Edition statement | Version 3.0. |
| 300 ## - PHYSICAL DESCRIPTION | |
| Number of Pages | x, 253 p. : |
| Other physical details | color illustrations ; |
| Dimensions | 28 cm. |
| 500 ## - GENERAL NOTE | |
| General note | "SAFA is an initiative led by Nadia El-Hage Scialabba, Natural Resources Management and Environment Department"--P. iii. |
| 500 ## - GENERAL NOTE | |
| General note | "July 2014"--P. [254]. |
| 650 #0 - SUBJECT ADDED ENTRY--TOPICAL TERM | |
| Topical Term | Sustainable agriculture. |
| 650 #0 - SUBJECT ADDED ENTRY--TOPICAL TERM | |
| Topical Term | Food industry and trade |
| 650 #0 - SUBJECT ADDED ENTRY--TOPICAL TERM | |
| Topical Term | Food supply |
| 700 1# - ADDED ENTRY--PERSONAL NAME | |
| Personal name | Scialabba, Nadia. |
| 710 2# - ADDED ENTRY--CORPORATE NAME | |
| Corporate name or jurisdiction name as entry element | Food and Agriculture Organization of the United Nations. |
| 710 2# - ADDED ENTRY--CORPORATE NAME | |
| Corporate name or jurisdiction name as entry element | Food and Agriculture Organization of the United Nations. |
| 942 ## - ADDED ENTRY ELEMENTS (KOHA) | |
| Koha item type | សៀវភៅភាសាអង់គ្លេស |
No items available.